000 00835nam a2200301 a 4500
003 AR-BaBNM
005 20251128205700.0
008 082120s2002 ||||||||||||||000 | spa||
020 _a950-43-3592-6
040 _cAR-BaBNM
100 1 _aOrsi, René
245 0 0 _aDorrego y la unidad rioplatense
260 _aLa Plata
_bTheoría
_bSubsecretaría de Cultura
_c1991
300 _a717 p.
490 0 _aPensamiento nacional
504 _aNotas con bibliografía para consultar p. 651-706
650 4 _aHISTORIA SOCIAL
650 4 _aHISTORIA POLITICA
650 4 _aNACIONALISMO CULTURAL
650 4 _aIDENTIDAD NACIONAL
650 4 _aESTEREOTIPO NACIONAL
650 4 _aIDEOLOGIAS
650 4 _aPATRIOTISMO
650 4 _aCIENCIAS POLITICAS
650 4 _aGUERRAS CIVILES ARGENTINAS
942 _cBK
998 _cMariana
999 _c12384
_d12384